000 004410000a22001810004500
003 MACL
005 20150813174412.0
008 150813b xxu||||| |||| 00| 0 eng d
040 _aMACL
_cMACL
041 _aEnglish
082 _a400
100 _aRao, M.V.N. Krishna
_95496
245 _aIndus Script Deciphered
260 _bAgam Kala Prakashan
_c1982
_aNew Delhi
350 _a250
650 _aLinguistics
_95497
942 _cBK
_k400
_2ddc
999 _c5854
_d5854